Objeto maravilloso / (Registro nro. 7669)

Detalles MARC
000 -LIDER
fixed length control field 00686nam a2200241 a 4500
001 - NÚMERO DE CONTROL
Identificador de número de control 000028004
003 - IDENTIFICACDOR DE NÚMERO DE CONTROL
control field DO-SdBNP
005 - DATE AND TIME OF LATEST TRANSACTION
control field 20180402100213.0
007 - CAMPOS FIJOS DE DESCRIPCIÓN FÍSICA
fixed length control field 000028004
008 - ELEMENTOS DE LONGITUD FIJA
fixed length control field 110406s1995 dr 000 j spa d
040 ## - FUENTE DE CATALOGACIÓN
Agencia que crea de manera original el registro BPMSU
Idioma de catalogación spa
Agencia que realiza la transcripción BPMSU
092 ## - LOCALLY ASSIGNED DEWEY DECIMAL CALL NUMBER
Número de clasificación RD863.44
Número de ítem (Cutter) A353o
100 1# - ASIENTO PRINCIPAL -- NOMBRE PERSONAL
Nombre personal Alcántara Lebrón, Nixon
245 10 - MENCIÓN DE TITULO
Título Objeto maravilloso /
Mención de responsabilidad Nixon Alcántara Lebrón.
260 ## - PUBLICACIÓN, DISTRIBUCIÓN, ETC. (PIE DE IMPRENTA)
Lugar de publicación, distribución, etc Santo Domingo :
Nombre del editor, distribuidor, etc. Búho,
Fecha de publicación, distribución, etc 1995.
300 ## - DESCRIPCIÓN FÍSICA
Extensión 51 p. ;
Dimensiones 22 cm.
650 #4 - ENCABEZAMIENTO DE MATERIA--TEMÁTICO
Término temático o nombre geográfico como elemento de entrada CUENTOS DOMINICANOS
650 #4 - ENCABEZAMIENTO DE MATERIA--TEMÁTICO
Término temático o nombre geográfico como elemento de entrada LITERATURA DOMINICANA
910 ## - VALIDACIÓN
Validación Validado. Control de calidad MFF
942 ## - ADDED ENTRY ELEMENTS (KOHA)
Source of classification or shelving scheme Dewey Decimal Classification
Koha item type Libros
945 ## - INFORMACIÓN DE PROCESAMIENTO LOCAL
Información de procesamiento local Invetariado/ 2018 VM
956 ## - LOCAL ELECTRONIC LOCATION AND ACCESS (OCLC)
Nombre de host VMATEO
Número de acceso 10
Información de compresión 20150712
Inicio de sesión BPMSU
Procesador de solicitud 00151
Existencias
Withdrawn status Lost status Source of classification or shelving scheme Damaged status Not for loan Collection code Home library Current library Date acquired Total Checkouts Full call number Barcode Date last seen Price effective from Koha item type Copy number
    Dewey Decimal Classification     Colección Infantil Dominicana Biblioteca Pública Metropolitana Salomé Ureña Biblioteca Pública Metropolitana Salomé Ureña 04/21/2015   RD863.44 A353o BPMSU15040363 04/21/2015 04/21/2015 Libros  
    Dewey Decimal Classification       Biblioteca Pública Metropolitana Salomé Ureña Biblioteca Pública Metropolitana Salomé Ureña 04/21/2015   RD863.44 A353o BPMSU15040364 04/21/2015 04/21/2015 Libros ej. 2